Los procesos de urbanización /

Detalles Bibliográficos
Autor principal: Vinuesa Angulo, Julio
Otros Autores: Vidal Dominguez, Maria Jesus
Formato: Libro
Publicado: Madrid : Síntesis, 1991.
Colección:Espacios y Sociedades; no 13
Materias:
Etiquetas: Agregar Etiqueta
Sin Etiquetas, Sea el primero en etiquetar este registro!

MARC

LEADER 00000nam a22000004a 4500
001 AR-BbUGT3212
003 AR-BbUGT
005 20181220001732.0
007 ta
008 061101t1991 |||ad |0|||0| d
020 |a 84-7738-110-0 
040 |a AR-BbUGT  |b spa  |c AR-BbUGT 
082 0 4 |a 711.45 
100 1 |a Vinuesa Angulo, Julio. 
245 1 4 |a Los procesos de urbanización /   |c Julio Vinuesa Angulo ; María Jesús Vidal Domínguez. 
260 |a Madrid :   |b Síntesis,   |c 1991. 
300 |a 205 p. :   |b il., tablas 
490 1 |a Espacios y Sociedades;   |v no 13 
504 |a Bibliografía: p. 203-205. 
653 |a Urbanización 
653 |a Ciudades 
653 |a Geografía Urbana 
653 |a Ciudad Preindustrial 
653 |a Historia 
653 |a Población 
653 |a Industrialización 
653 |a Industrialización Urbana 
653 |a Territorio 
653 |a Ciudad 
653 |a Desigualdades 
653 |a Espacio Urbano 
700 1 |a Vidal Dominguez, Maria Jesus. 
830 0 |a Espacios y Sociedades;   |v no 13 
942 |c BK  |h 711.45  |i V797  |2 ddc  |6 711_450000000000000_V797 
999 |c 10663  |d 10663